Druhá vlna priaznivá? Postupy v procese privatizácie sú rôzne - cieľ rovnaký
Konkretizácia ďalšieho postupu procesu privatizácie - materiál, ktorý schválila vláda SR v septembri 1993. Privatizácia podnikov. Druhá vlna kupónovej privatizácie. Vydávanie zamestnaneckých akcií. Forma privatizácie predajom vopred určenému vlastníkovi. Účasť FNM SR na privatizácii. Štandardné metó...
Gespeichert in:
| 1. Verfasser: | |
|---|---|
| Format: | Buchkapitel |
| Sprache: | Slowakisch |
| Schlagworte: | |
| Tags: |
Keine Tags, Fügen Sie das erste Tag hinzu!
|
MARC
| LEADER | 00000naa a2200000 4500 | ||
|---|---|---|---|
| 001 | r000388 | ||
| 005 | 20221213114051.3 | ||
| 041 | 0 | |a slo | |
| 044 | |a SK | ||
| 245 | 1 | 0 | |a Druhá vlna priaznivá? |b Postupy v procese privatizácie sú rôzne - cieľ rovnaký |c J. Kerekeš |
| 520 | |a Konkretizácia ďalšieho postupu procesu privatizácie - materiál, ktorý schválila vláda SR v septembri 1993. Privatizácia podnikov. Druhá vlna kupónovej privatizácie. Vydávanie zamestnaneckých akcií. Forma privatizácie predajom vopred určenému vlastníkovi. Účasť FNM SR na privatizácii. Štandardné metódy privatizácie - predaj vopred určenému vlastníkovi, verejná dražba, verejná súťaž. | ||
| 610 | 2 | 0 | |a privatizácia |
| 610 | 2 | 0 | |a koncepcie |
| 610 | 2 | 0 | |a Slovensko |
| 610 | 2 | 0 | |a FNM SR Bratislava |
| 610 | 2 | 0 | |a 1993 |
| 100 | 1 | |a Kerekeš, Juraj | |